000 00206nam a22000857a 4500
001 1243086
005 20251016100415.0
245 _aDAĞ SUSTU DAĞ KONUŞTU
_cHACER KILCIOĞLU
260 _bGÜNIŞIĞI YAYINLARI
999 _c1243086
_d1243086